|
|
|
|
| LEADER |
00000cam a2200000 a 4500 |
| 001 |
vtls001386841 |
| 003 |
SK-MaSNL |
| 005 |
20260302000840.0 |
| 008 |
240226s1999 xo a frnp 000 0 slo |
| 015 |
|
|
|a SNBA2000/06-01903
|
| 020 |
|
|
|a 8022712752
|
| 035 |
|
|
|a SNK000341024
|
| 035 |
|
|
|a urn:nbn:sk:snk-amkkyd
|
| 035 |
|
|
|a urn:nbn:sk:snk-am008i7n
|
| 035 |
|
|
|a C85F4E69-058B-4E17-B6DA-803C371E552D
|
| 040 |
|
|
|a SNK
|b slo
|c SNK
|e AACR2
|
| 041 |
0 |
|
|a slo
|
| 044 |
|
|
|a xo
|c SK
|
| 080 |
|
|
|a 53.08:621.317(075.8)
|2 1981
|
| 245 |
0 |
0 |
|a Meranie technických veličín
|c Vladimír Chudý ... [et al.]
|
| 260 |
|
|
|a Bratislava
|b Slovenská technická univerzita
|c 1999
|
| 300 |
|
|
|a 688 s.
|b fotogr., sch., tab.
|c 25 cm
|
| 366 |
|
|
|e 300 výtl.
|
| 490 |
1 |
|
|a Edícia vysokoškolských učebníc
|
| 504 |
|
|
|a Bibliogr. s. 672-678
|
| 650 |
0 |
7 |
|a technické veličiny
|2 SNKPH
|9 158122
|
| 650 |
0 |
7 |
|a technické meranie
|2 SNKPH
|9 67238
|
| 655 |
|
7 |
|a učebnice vysokých škôl
|2 SNKPH
|9 70191
|
| 700 |
1 |
|
|a Chudý, Vladimír,
|d 1940-
|4 aut
|9 213493
|
| 700 |
1 |
|
|a Pálenčár, Rudolf,
|d 1949-
|4 aut
|9 193876
|
| 700 |
1 |
|
|a Kureková, Eva
|4 aut
|9 13540
|
| 700 |
1 |
|
|a Halaj, Martin,
|d 1966-
|4 aut
|9 210164
|
| 810 |
2 |
|
|a Slovenská technická univerzita v Bratislave
|t Edícia vysokoškolských učebníc
|9 155858
|
| 919 |
|
|
|a 80-227-1275-2
|
| 958 |
|
|
|a TL
|
| 958 |
|
|
|a NB
|
| 958 |
|
|
|a UV
|
| 999 |
|
|
|c 981368
|d 983298
|
| 952 |
|
|
|t P60, <03>, [BOOK], {603}
|a SNK
|b SNK
|y PREZ
|7 0
|p 17A0234905
|o snkSC 101336
|i snkKSP 3910/2000
|0 0
|1 0
|4 0
|d 2000-04-13
|f 1
|l 0
|r 2025-09-23 00:00:00
|w 2026-02-24
|
| 952 |
|
|
|t P60, <04>, [BOOK], {604}
|a SNK
|b SNK
|y VYP
|7 0
|p 17A0234906
|o snkSC 101336 D1
|i snkKSP 3911/2000
|0 0
|1 0
|4 0
|d 2000-04-13
|l 0
|r 2005-01-02 00:00:00
|w 2026-02-24
|